000 00666nam a2200193Ia 4500
005 20250508163303.0
008 008 250505s9999 xx 000 0 eng d
037 _aTheses
040 _aFEDL
_beng
_cFEDL
041 _aeng
_2eng
084 _a370.1, KUZ/TH
_qFEDL
100 _aKuzhippallil George
_9775046
245 0 _aImpact of the catholic missions on education, literature and social life of north-east India (1890-1980) with special reference to Don Bosco's philosophy of education
260 _c1981
300 _axxiii,219p.
546 _aPh. D. Thesis, (Gauhati University)
942 _cTH
_h370.1, KUZ/TH
999 _c1382048
_d1382048